=LDR 00000nam 2200000 4500 =001 INLIS000000000038274 =005 20130612143940 =008 ***********************************Ind** =035 ##$$0010-061300000038274 =041 ##$$a Ind =082 ##$$a 612.826 4 =090 ##$$a 612.826 4, Cla d =100 ##$$a Claproth, Richard =245 ##$$a Dahsyatnya bahaya aktivitas otak tengah , Menginjak kontroversi aktivitas otak tengah dan hionosis massal secara Investigatif, Richard Claproth; Editor, Anjelina Noverina, Niken Suryatmini =260 ##$$a 2011 $b Jakarta =300 ##$$a viii,248 hlm, Ilus, 23 cm =650 ##$$a Otak Tengah - Mesensefalon =700 ##$$a Noverina, Anjelina =850 ##$$a NBPNMAT =990 ##$$a 0001/BPAP-NTB/20142014 =990 ##$$a 21602686/BPAP-NTB/2017